000 00384nam a2200133Ia 4500
008 151001s9999||||xx |||||||||||||| ||und||
100 _aविजया इंगोले
245 _aज्ञानज्योती माई सावित्री फुले
250 _a1
260 _bआयुष्य
260 _c1994
300 _a246
365 _b21
999 _c973318
_d973315